_Taching reading In the 21st Century(3rd ed) Michael F. Graves (Record no. 12277)
[ view plain ]
| 000 -LEADER | |
|---|---|
| fixed length control field | 00480nam a2200169Ia 4500 |
| 008 - FIXED-LENGTH DATA ELEMENTS--GENERAL INFORMATION | |
| fixed length control field | 151021s9999 xx 000 0 und d |
| 020 ## - INTERNATIONAL STANDARD BOOK NUMBER | |
| International Standard Book Number | 205386385 |
| 050 ## - LIBRARY OF CONGRESS CALL NUMBER | |
| Classification number | LB 1573.G656 2004 |
| 245 ## - TITLE STATEMENT | |
| Title | _Taching reading In the 21st Century(3rd ed) Michael F. Graves |
| 260 ## - PUBLICATION, DISTRIBUTION, ETC. (IMPRINT) | |
| Place of publication, distribution, etc. | Ney York Peason 2004 |
| 300 ## - PHYSICAL DESCRIPTION | |
| Extent | xvii,622p.;ill |
| 500 ## - GENERAL NOTE | |
| General note | Include index |
| 500 ## - GENERAL NOTE | |
| General note | Include index |
| 650 ## - SUBJECT ADDED ENTRY--TOPICAL TERM | |
| Topical term or geographic name as entry element | _Reading |
| 700 ## - ADDED ENTRY--PERSONAL NAME | |
| Personal name | _Juel Connie |
| 980 ## - EQUIVALENCE OR CROSS-REFERENCE-SERIES STATEMENT--PERSONAL NAME/TITLE [LOCAL, CANADA] | |
| Personal name | ^d20120809 11:25:01^okorir |
No items available.